<?xml version="1.0" encoding="UTF-8"?>
<record
    xmlns:xsi="http://www.w3.org/2001/XMLSchema-instance"
    xsi:schemaLocation="http://www.loc.gov/MARC21/slim http://www.loc.gov/standards/marcxml/schema/MARC21slim.xsd"
    xmlns="http://www.loc.gov/MARC21/slim">

  <leader>01255cam a22002771  4500</leader>
  <controlfield tag="001">gs 56000164 </controlfield>
  <controlfield tag="003">DLC</controlfield>
  <controlfield tag="005">20260227111404.0</controlfield>
  <controlfield tag="008">761028s1956    dcuab    b   f000 0 eng c</controlfield>
  <datafield tag="010" ind1=" " ind2=" ">
    <subfield code="a">gs 56000164 </subfield>
  </datafield>
  <datafield tag="035" ind1=" " ind2=" ">
    <subfield code="a">(OCoLC)2536838</subfield>
  </datafield>
  <datafield tag="040" ind1=" " ind2=" ">
    <subfield code="a">U.S. Geol. Survey Library</subfield>
    <subfield code="c">NhD</subfield>
    <subfield code="d">ISS</subfield>
    <subfield code="d">DLC</subfield>
  </datafield>
  <datafield tag="050" ind1="0" ind2="0">
    <subfield code="a">QE75</subfield>
    <subfield code="b">.P9 no. 284</subfield>
  </datafield>
  <datafield tag="051" ind1=" " ind2=" ">
    <subfield code="a">QE203.H3</subfield>
    <subfield code="b">S5</subfield>
  </datafield>
  <datafield tag="086" ind1="0" ind2=" ">
    <subfield code="a">I 19.16:284</subfield>
  </datafield>
  <datafield tag="100" ind1="1" ind2=" ">
    <subfield code="a">Simons, Frank S.</subfield>
    <subfield code="q">(Frank Stanton),</subfield>
    <subfield code="d">1917-</subfield>
  </datafield>
  <datafield tag="245" ind1="1" ind2="0">
    <subfield code="a">Geology and ore deposits of the Zim&#xE1;p&#xE1;n mining district,</subfield>
    <subfield code="b">State of Hidalgo, Mexico,</subfield>
    <subfield code="c">by Frank S. Simons and Eduardo Mapes V. Prepared in cooperation with the Instituto Nacional para la Investigaci&#xF3;n de Recursos Minerales of Mexico, under the auspices of the Technical Cooperation Administration of the Dept. of State.</subfield>
  </datafield>
  <datafield tag="260" ind1=" " ind2=" ">
    <subfield code="a">Washington,</subfield>
    <subfield code="b">U.S. Govt. Print. Off.,</subfield>
    <subfield code="c">1956.</subfield>
  </datafield>
  <datafield tag="300" ind1=" " ind2=" ">
    <subfield code="a">vi, 128 p.</subfield>
    <subfield code="b">illus., maps, (part fold., part col.)</subfield>
    <subfield code="c">29 cm.</subfield>
  </datafield>
  <datafield tag="410" ind1="2" ind2="0">
    <subfield code="a">Geological Survey (U.S.).</subfield>
    <subfield code="t">Professional paper</subfield>
    <subfield code="v">284</subfield>
  </datafield>
  <datafield tag="500" ind1=" " ind2=" ">
    <subfield code="a">Part of illustrative matter in pocket.</subfield>
  </datafield>
  <datafield tag="504" ind1=" " ind2=" ">
    <subfield code="a">Bibliography: p. 123-124.</subfield>
  </datafield>
  <datafield tag="650" ind1=" " ind2="0">
    <subfield code="a">Geology</subfield>
    <subfield code="z">Mexico</subfield>
    <subfield code="z">Hidalgo (State).</subfield>
  </datafield>
  <datafield tag="650" ind1=" " ind2="0">
    <subfield code="a">Mines and mineral resources</subfield>
    <subfield code="z">Mexico</subfield>
    <subfield code="z">Hidalgo (State).</subfield>
  </datafield>
  <datafield tag="700" ind1="1" ind2=" ">
    <subfield code="a">Mapes V&#xE1;zquez, Eduardo,</subfield>
    <subfield code="e">joint author.</subfield>
  </datafield>
  <datafield tag="999" ind1=" " ind2=" ">
    <subfield code="c">29065</subfield>
    <subfield code="d">29065</subfield>
  </datafield>
</record>
